000 01521nam a2200457 i 4500
001 22666
003 KOSZ 005
005 20210514124423.0
008 991116s1982 pl f f |001 0 pol
015 _aUWD 1982/8214
020 _a8301017058
035 _a991011888739705066
035 _a(PL-WaBN)b13226137-48omnis_nlop
035 _ab13226137
035 _a(OCoLC)69585846
035 _azz2004863905
035 _a(PL)b0000001322613
035 _a(EXLNZ-48OMNIS_NETWORK)9910064353105606
040 _aWA N
_cWA N
_dKOSZ 005/HR
041 0 _apol
_brus
_bfre
_bger
046 _k1972
080 _a37.013.42
100 1 _aKamiński, Aleksander
_d(1903-1978)
_eAutor
245 1 0 _aFunkcje pedagogiki społecznej :
_bpraca socjalna i kulturalna /
_cAleksander Kamiński.
250 _aWyd. 5.
260 _aWarszawa :
_bPaństwowe Wydawnictwo Naukowe,
_c1982.
300 _a425, [3] s. ;
_c21 cm.
336 _aTekst
_btxt
_2rdacontent
337 _aBez urządzenia pośredniczącego
_bn
_2rdamedia
338 _aWolumin
_bnc
_2rdacarrier
380 _aKsiążki
388 _a1901-2000
388 _a11945-1989
504 _aBibliogr. przy rozdz.. - Indeks. - Rés. - Rez. - Zsfg.
650 7 _aPedagogika społeczna
_2DBN
658 _aEdukacja i pedagogika
710 2 _aPaństwowe Wydawnictwo Naukowe
_4pbl
856 _uhttp://koha.tu.koszalin.pl/cgi-bin/koha/opac-detail.pl?biblionumber=22666
_yKatalog online BPK
942 _2UKD
_cKS
999 _c22666
_d22666